000 00399nam a2200157Ia 4500
008 230711s9999||||xx |||||||||||||| ||und||
041 _aENG
082 _a4
_bRI-T
100 _aStevens,W.Richard
245 0 _aTCP for transaction, http, nntp and tcp/ip illustrated v3
250 _a1st Ed.
260 _c2005
_aNew Delhi
_bPearson
300 _a328
650 _aComputer Engineering
942 _cBK
999 _c4555
_d4555